| 000 | 01341nam0a2200337 4500 | ||
|---|---|---|---|
| 001 | RU\NLR\BIBL_A\022204895 | ||
| 005 | 20240619170252.0 | ||
| 010 |
_a978-5-907171-78-7 _9500 |
||
| 021 |
_aRU _bКН-П-24-015278 _9КН-П-24-1612 |
||
| 035 | _a(NLR Aleph) 022204895 | ||
| 090 |
_a13055625 _c13055625 |
||
| 100 | _a20240423d2023 u y0rusy50 ca | ||
| 101 | 0 | _arus | |
| 102 | _aRU | ||
| 105 | _aac z 000yy | ||
| 181 | 0 |
_ai _baxxe |
|
| 182 | 0 | _an | |
| 200 | 1 |
_aЛатвийский национализм на службе Западу _fВладимир Герасимов _gИнститут внешнеполитических исследований и инициатив |
|
| 203 |
_aТекст _bвизуальный _cнепосредственный |
||
| 210 |
_aМосква _cКучково поле _d2023 |
||
| 215 |
_a174, [1] с. _cил., портр. _d22 |
||
| 225 | 1 |
_aРеальная политика _iЭмиграция и Запад |
|
| 320 | _aБИблиогр. в подстроч. примеч. | ||
| 333 | _a12+ | ||
| 606 | 1 |
_aНационализм _yЛатвия _91772811 _3RU\NLR\AUTH\66796218 |
|
| 686 | 1 | _aТ3(4Лат)6-49 | |
| 700 | 1 |
_aГерасимов _bВ. _gВладимир |
|
| 942 | _cBOOK | ||
| 980 | _aNB | ||